00629nam a2200181Ia 4500952013300000999001700133003000400150005001700154008004100171020001500212040000900227082001800236100002700254245007200281260004300353300000900396942004200405 00102ddc40708HISTORYaMESbMEScHISd2019-02-20g695.00l0o954.03 PRI/Kp23105r2019-02-20 00:00:00w2019-02-20yBKzGL37R1 c20525d20525OSt20200617101137.0190216s9999||||xx |||||||||||||| ||und|| a0521552478 coclc a954.03bPRI/K aPrice, Pamela G 93002 0aKingship And Political Practice In Colonial India /cPamela G Price bCambridge Uty Press,c1996.aNew York: a220p cBK2ddch954.03iPRI/Kk954.03mPRI/K